Statistics for Baseball Greats by Nickname

Click here to take the quiz!

General Stats

  • This quiz has been taken 243 times
  • The average score is 8 of 15

Answer Stats

HintAnswer% Correct
The Say Hey KidWillie Mays
93%
Mr. OctoberReggie Jackson
90%
The Big HurtFrank Thomas
87%
The Ryan ExpressNolan Ryan
84%
The WizardOzzie Smith
75%
The RocketRoger Clemens
74%
The Splendid SplinterTed Williams
70%
The Big TrainWalter Johnson
45%
Oil CanDennis Boyd
37%
Wild ThingMitch Williams
34%
Louisiana LightningRon Guidry
31%
The Commerce CometMickey Mantle
28%
El PresidenteDennis Martinez
23%
The KidGary Carter
11%
The IgnitorPaul Molitor
7%

Score Distribution

Percentile by Number Answered

Percent of People with Each Score

Your Score History

You have not taken this quiz